| 000 | 00361 a2200157 4500 | ||
|---|---|---|---|
| 003 | Nust | ||
| 005 | 20230120110324.0 | ||
| 040 | _cNust | ||
| 082 | _a808.83,ATH | ||
| 100 |
_aTherton,Gertrude _9107221 |
||
| 245 |
_aThe Immortal Marriage / _cGertrude Atherton |
||
| 260 |
_aLondon _bJohn Murray |
||
| 300 | _a538:p | ||
| 650 |
_aNovel _92525 |
||
| 942 |
_2ddc _cBK |
||
| 999 |
_c186833 _d186833 |
||